000 00616nam a22001457a 4500
020 _a9789698535339
082 _a355.033000
100 _aSalma Malik (Ed)
245 _aPakistan's security problems and challenges in the next decade
260 _aIslamabad
_bNUST publishing
_c2015
300 _a309p
942 _cBK
999 _c354187
_d354187